[Event "World Championship (rapid) 2015"]
[Site "Berlin GER"]
[Date "2015.10.10"]
[Round "3"]
[White "Morozevich, Alexander"]
[Black "Duda, Jan-Krzysztof"]
[Result "1-0"]
[WhiteElo "2711"]
[BlackElo "2658"]
[PlyCount "91"]
[EventDate "2015.10.10"]

1. e4 c5 2. Nc3 d6 3. Nge2 Nf6 4. g3 g6 5. d4 cxd4 6. Nxd4 Bg7 7. Bg2 Bd7 8. h3
Nc6 9. Nde2 h5 10. b3 O-O 11. Bb2 Nh7 12. Qd2 b5 13. O-O a5 14. a4 b4 15. Nd1
Rc8 16. Bxg7 Kxg7 17. Ne3 Rh8 18. f4 f6 19. Kh1 Nf8 20. Ng1 Ne6 21. Nf3 Nc5 22.
Nh4 Be8 23. Nd5 Bf7 24. Rad1 Rg8 25. Qf2 Qe8 26. e5 fxe5 27. f5 Kh7 28. f6 e6
29. Nb6 Rd8 30. Nf3 Ne4 31. Qe1 d5 32. Nc4 h4 33. gxh4 Rh8 34. Nfxe5 Nxe5 35.
Nxe5 Kg8 36. Bxe4 dxe4 37. Qxe4 Rh5 38. Rxd8 Qxd8 39. Nxg6 e5 40. Ne7+ Kf8 41.
Qg4 Ke8 42. Rd1 Qa8+ 43. Kh2 e4 44. Nf5 Qb8+ 45. Nd6+ Kd8 46. Kh1 1-0

[Event "World Championship (rapid) 2015"]
[Site "Berlin GER"]
[Date "2015.10.10"]
[Round "3"]
[White "Wojtaszek, Radoslaw"]
[Black "Rasmussen, Allan Stig"]
[Result "1-0"]
[WhiteElo "2734"]
[BlackElo "2498"]
[PlyCount "81"]
[EventDate "2015.10.10"]

1. d4 Nf6 2. c4 c5 3. d5 b5 4. cxb5 a6 5. bxa6 g6 6. Nc3 Bg7 7. e4 O-O 8. Be2
Qa5 9. Bd2 d6 10. a7 Qxa7 11. Nf3 Ba6 12. O-O Qb7 13. Bxa6 Nxa6 14. Rb1 Rfb8
15. h3 Nd7 16. Bg5 Ne5 17. Nd2 Nb4 18. a3 Nbd3 19. Qc2 Nxb2 20. Nd1 Ned3 21.
Nxb2 Nxb2 22. Nc4 Qb3 23. Qxb3 Rxb3 24. Bxe7 Re8 25. Bg5 Reb8 26. Na5 Rxa3 27.
Nc6 Re8 28. Be7 Nc4 29. Rb7 Bf8 30. Rc1 Nd2 31. e5 Ne4 32. Re1 Bxe7 33. Nxe7+
Kf8 34. Nc6 Ra4 35. Rc7 dxe5 36. Rb1 Ng5 37. Rbb7 Rf4 38. d6 Ne6 39. d7 Nxc7
40. Rxc7 Ra4 41. Rc8 1-0

[Event "World Championship (rapid) 2015"]
[Site "Berlin GER"]
[Date "2015.10.10"]
[Round "4"]
[White "Karjakin, Sergey"]
[Black "Kryvoruchko, Yuriy"]
[Result "1/2-1/2"]
[WhiteElo "2762"]
[BlackElo "2710"]
[PlyCount "160"]
[EventDate "2015.10.10"]

1. Nf3 Nf6 2. g3 b6 3. Bg2 Bb7 4. O-O e6 5. c4 Be7 6. Nc3 O-O 7. b3 d5 8. e3
dxc4 9. bxc4 c5 10. Bb2 Nc6 11. Qe2 Qc7 12. Rad1 Rfd8 13. Ng5 Nb4 14. Bxb7 Qxb7
15. d4 h6 16. Nf3 cxd4 17. exd4 Rac8 18. Rfe1 Bf8 19. Ne5 Nc6 20. d5 Nxe5 21.
Qxe5 exd5 22. Nxd5 Nxd5 23. Rxd5 Qc6 24. Qd4 Re8 25. Rde5 Rxe5 26. Rxe5 Qxc4
27. Qxc4 Rxc4 28. Re8 b5 29. Ra8 f6 30. Ba3 b4 31. Bb2 a5 32. Rxa5 Bc5 33. a3
Rc2 34. Rxc5 Rxc5 35. axb4 Rc4 36. h4 Rxb4 37. Bc3 Rc4 38. Bd2 Kf7 39. Kg2 Kg6
40. Kf3 Kf5 41. Be3 Rc3 42. Kg2 Ke4 43. Bf4 Kf5 44. Bd6 g5 45. hxg5 fxg5 46.
Bf8 h5 47. Bg7 Rb3 48. Bd4 Rd3 49. Bb6 Kg4 50. Ba7 Rd2 51. Bb6 Rc2 52. Be3 h4
53. gxh4 gxh4 54. Bd4 Ra2 55. Be3 h3+ 56. Kh2 Ra8 57. Bd4 Ra5 58. Be3 Kf3 59.
Bd2 Ra7 60. Be3 Rg7 61. Bd4 Rg5 62. Be3 Rg8 63. Bd4 Rg4 64. Be3 Rg7 65. Bd4 Rf7
66. Be3 Rd7 67. Bc5 Rd3 68. Be3 Rd5 69. Bb6 Rg5 70. Be3 Rg8 71. Bd4 Rg2+ 72.
Kxh3 Rg5 73. Kh2 Rh5+ 74. Kg1 Rh7 75. Be3 Rg7+ 76. Kh2 Ke2 77. Kh3 Rg8 78. Kh4
Kf3 79. Kh5 Ke4 80. Kh4 Rf8 1/2-1/2

[Event "World Championship (rapid) 2015"]
[Site "Berlin GER"]
[Date "2015.10.10"]
[Round "4"]
[White "Dubov, Daniil"]
[Black "Anand, Viswanathan"]
[Result "1-0"]
[WhiteElo "2661"]
[BlackElo "2803"]
[PlyCount "83"]
[EventDate "2015.10.10"]

1. d4 Nf6 2. c4 e6 3. Nf3 d5 4. Nc3 Bb4 5. Bg5 h6 6. Bxf6 Qxf6 7. e3 O-O 8. Rc1
dxc4 9. Bxc4 c5 10. O-O cxd4 11. Ne4 Qe7 12. a3 Ba5 13. Qxd4 Rd8 14. Qe5 Nc6
15. Qh5 Bd7 16. g4 f6 17. Rfd1 Bb6 18. Nd6 Be8 19. Nxe8 Rxd1+ 20. Rxd1 Rxe8 21.
Qg6 Rd8 22. Rxd8+ Nxd8 23. Bd3 Qf7 24. Qh7+ Kf8 25. Nh4 Qg8 26. Qe4 g5 27. Ng6+
Kg7 28. Ne7 Qh8 29. Nc8 Bc7 30. Nxa7 Kf7 31. Qd4 Qf8 32. Nc8 Qe8 33. Qe4 Qg8
34. Qd4 Qe8 35. Nd6+ Bxd6 36. Qxd6 Qe7 37. Qd4 Qc7 38. Qe4 Qc1+ 39. Kg2 Qxb2
40. Qh7+ Kf8 41. Bg6 Qb6 42. Qxh6+ 1-0

[Event "World Championship (rapid) 2015"]
[Site "Berlin GER"]
[Date "2015.10.10"]
[Round "4"]
[White "Mamedyarov, Shakhriyar"]
[Black "Socko, Bartosz"]
[Result "1-0"]
[WhiteElo "2736"]
[BlackElo "2599"]
[PlyCount "61"]
[EventDate "2015.10.10"]

1. d4 Nf6 2. c4 e6 3. Nc3 Bb4 4. Nf3 c5 5. g3 cxd4 6. Nxd4 Ne4 7. Bd2 Bxc3 8.
bxc3 Nxd2 9. Qxd2 a6 10. c5 d6 11. cxd6 Qxd6 12. Bg2 Nd7 13. O-O Nc5 14. Rfd1
O-O 15. Nb3 Qxd2 16. Rxd2 Na4 17. c4 Rb8 18. c5 e5 19. Rc1 Be6 20. f4 Rfc8 21.
fxe5 Kf8 22. Rdc2 Rc7 23. Nd4 Rbc8 24. c6 bxc6 25. Nxe6+ fxe6 26. Rb1 c5 27.
Rc4 Rd7 28. Rxa4 c4 29. Rc1 c3 30. Be4 Rd2 31. Kf2 1-0

[Event "World Championship (rapid) 2015"]
[Site "Berlin GER"]
[Date "2015.10.10"]
[Round "4"]
[White "Vachier-Lagrave, Maxime"]
[Black "Kasimdzhanov, Rustam"]
[Result "0-1"]
[WhiteElo "2758"]
[BlackElo "2704"]
[PlyCount "168"]
[EventDate "2015.10.10"]

1. Nf3 d5 2. g3 g6 3. Bg2 Bg7 4. d4 Nf6 5. O-O O-O 6. c4 c6 7. Nbd2 Bf5 8. b3
Nbd7 9. Bb2 Ne4 10. Nh4 Nxd2 11. Qxd2 Be6 12. e4 dxe4 13. Bxe4 Bh3 14. Rfe1 Re8
15. Rad1 Nf6 16. Bf3 Qd7 17. Ng2 Bg4 18. Qe2 Bxf3 19. Qxf3 Qg4 20. Qxg4 Nxg4
21. h3 Nf6 22. Nf4 Rad8 23. Nd3 Nd7 24. f4 e6 25. Kf2 a5 26. a4 b5 27. Ne5 Bxe5
28. dxe5 Nc5 29. Ke3 bxa4 30. bxa4 Rb8 31. Bd4 Rb3+ 32. Kd2 Nxa4 33. Kc2 Rb4
34. Rb1 Rxc4+ 35. Kd3 Rb4 36. Rxb4 axb4 37. Ra1 c5 38. Be3 Ra8 39. Rb1 Nc3 40.
Rb3 Rd8+ 41. Kc4 Ne4 42. g4 Kg7 43. g5 Rd2 44. h4 Rd5 45. Rb2 h5 46. Ra2 Nc3
47. Ra8 Nd1 48. Bc1 Nf2 49. Be3 Ne4 50. Ra1 Nd2+ 51. Bxd2 Rxd2 52. Kxc5 Rf2 53.
Rb1 Rh2 54. Kd4 Rxh4 55. Ke4 Rh3 56. Rxb4 h4 57. Rb2 Rg3 58. Rh2 h3 59. Rh1 Kf8
60. Rh2 Ke7 61. Rh1 Kd7 62. Kd4 Kc6 63. Rc1+ Kb5 64. Rb1+ Ka4 65. Kc4 Ka3 66.
Rh1 Kb2 67. Kc5 Rd3 68. Kc4 Rf3 69. Kc5 Kc3 70. Kd6 Kd4 71. f5 gxf5 72. Ke7
Kxe5 73. Kxf7 Ra3 74. Re1+ Kf4 75. g6 Ra7+ 76. Kxe6 h2 77. Rh1 Ra6+ 78. Kf7 Kg3
79. Re1 Rxg6 80. Kxg6 f4 81. Kf5 f3 82. Ke4 f2 83. Rh1 Kg2 84. Ke3 f1=Q 0-1

[Event "World Championship (rapid) 2015"]
[Site "Berlin GER"]
[Date "2015.10.10"]
[Round "4"]
[White "Nguyen, Ngoc Truong Son"]
[Black "Perunovic, Milos"]
[Result "1/2-1/2"]
[WhiteElo "2634"]
[BlackElo "2622"]
[PlyCount "76"]
[EventDate "2015.10.10"]

1. e4 c5 2. Nf3 e6 3. g3 d5 4. exd5 exd5 5. d4 Nc6 6. Bg2 Bg4 7. h3 Bxf3 8.
Qxf3 Qe7+ 9. Kf1 cxd4 10. Qxd5 Nf6 11. Qb5 Qd7 12. Bg5 Be7 13. Nd2 O-O 14. Bxf6
Bxf6 15. Be4 a6 16. Qf5 Qxf5 17. Bxf5 Rfe8 18. Kg2 g6 19. Be4 Rac8 20. Rac1 Re7
21. Rhe1 Nb4 22. Bd3 Rxe1 23. Rxe1 Nxc2 24. Rd1 Nb4 25. Be4 Nxa2 26. Bxb7 Rb8
27. Bxa6 Rxb2 28. Ne4 Be5 29. Rd2 Rxd2 30. Nxd2 Nb4 31. Bc4 Kg7 32. f4 Bc7 33.
Kf3 f5 34. Ke2 Kf6 35. Nf3 Bb6 36. Ne5 Bc7 37. Nf3 Bb6 38. Ne5 Bc7 1/2-1/2

[Event "World Championship (rapid) 2015"]
[Site "Berlin GER"]
[Date "2015.10.10"]
[Round "4"]
[White "Grigoriants, Sergey"]
[Black "Tomashevsky, Evgeny"]
[Result "1/2-1/2"]
[WhiteElo "2603"]
[BlackElo "2758"]
[PlyCount "106"]
[EventDate "2015.10.10"]

1. e4 c6 2. d4 d5 3. Nc3 dxe4 4. Nxe4 Bf5 5. Ng3 Bg6 6. h4 h6 7. Nf3 Nd7 8. h5
Bh7 9. Bd3 Bxd3 10. Qxd3 e6 11. Bd2 Ngf6 12. O-O-O Be7 13. Kb1 O-O 14. Ne4 Nxe4
15. Qxe4 Nf6 16. Qe2 Qd5 17. Ne5 Rad8 18. f3 Nd7 19. c4 Qd6 20. f4 Nxe5 21.
fxe5 Qc7 22. Qg4 Kh8 23. Qe4 Rd7 24. Rdf1 Qd8 25. Be3 Bg5 26. Bf2 b5 27. c5 Rd5
28. Rh3 f6 29. exf6 Rxf6 30. Rf3 Rxf3 31. gxf3 e5 32. Re1 exd4 33. Qg6 Be3 34.
Qxc6 Rxh5 35. Qxb5 Qc8 36. Bxe3 Rxc5 37. Qd3 dxe3 38. Qxe3 Qf5+ 39. Ka1 Rc7 40.
a3 Rf7 41. Rf1 Kh7 42. Qd4 a6 43. Qe3 Rf6 44. Qd4 Qg6 45. Rg1 Qf5 46. Rf1 Rg6
47. Qc4 h5 48. Qd4 Rf6 49. Qc4 Rh6 50. Qd4 Qf6 51. Qe4+ Qg6 52. Qd4 Qf6 53.
Qe4+ Qg6 1/2-1/2

[Event "World Championship (rapid) 2015"]
[Site "Berlin GER"]
[Date "2015.10.10"]
[Round "4"]
[White "Ivanchuk, Vassily"]
[Black "Korobov, Anton"]
[Result "0-1"]
[WhiteElo "2726"]
[BlackElo "2700"]
[PlyCount "80"]
[EventDate "2015.10.10"]

1. d4 Nf6 2. c4 e6 3. Nf3 b6 4. g3 Bb7 5. Bg2 Be7 6. Nc3 Ne4 7. Bd2 O-O 8. O-O
d5 9. cxd5 exd5 10. Qb3 Nxd2 11. Nxd2 c6 12. Rfd1 f5 13. f4 Nd7 14. Nf3 Kh8 15.
Rac1 Nf6 16. Ne5 Bd6 17. a3 Qe7 18. e3 Rac8 19. Rd2 g6 20. Bf3 Kg7 21. Kg2 Rfd8
22. Rcd1 Bb8 23. h3 h5 24. h4 c5 25. dxc5 Bxe5 26. fxe5 Qxe5 27. cxb6 Ng4 28.
Bxg4 hxg4 29. bxa7 Ba8 30. Kf2 g5 31. Qb6 gxh4 32. Qd4 hxg3+ 33. Kg1 Re8 34.
Ne2 Kg6 35. Nf4+ Kg5 36. Re2 Rc4 37. Qxe5 Rxe5 38. Rd4 Re4 39. Rxc4 dxc4 40.
Kf1 Re7 0-1

[Event "World Championship (rapid) 2015"]
[Site "Berlin GER"]
[Date "2015.10.10"]
[Round "4"]
[White "Khairullin, Ildar"]
[Black "Aronian, Levon"]
[Result "1/2-1/2"]
[WhiteElo "2652"]
[BlackElo "2784"]
[PlyCount "89"]
[EventDate "2015.10.10"]

1. d4 Nf6 2. c4 c5 3. d5 g6 4. Nc3 Bg7 5. e4 O-O 6. Nf3 e6 7. Be2 exd5 8. exd5
d6 9. O-O Re8 10. Bd3 Bg4 11. h3 Bxf3 12. Qxf3 Nbd7 13. Qd1 a6 14. Bf4 Qe7 15.
Re1 Qf8 16. Qb3 Nh5 17. Bd2 Reb8 18. Be2 Nhf6 19. Qc2 Re8 20. a4 h5 21. a5 Bh6
22. f4 Qg7 23. Bf3 g5 24. Qf5 gxf4 25. Bxf4 Bxf4 26. Qxf4 Re5 27. Rxe5 Nxe5 28.
Rf1 Kf8 29. Be2 Ke7 30. Ne4 Nxe4 31. Qxe4 Rh8 32. Qh4+ f6 33. Rf5 Qg6 34. Qf2
h4 35. b3 Rh6 36. Kh2 Qg7 37. Rf4 Qg5 38. Bg4 Nd3 39. Re4+ Ne5 40. Bf5 Rh8 41.
Rf4 Kd8 42. Bc2 Ke7 43. Rf5 Qg7 44. Rf4 Qg5 45. Rf5 1/2-1/2

[Event "World Championship (rapid) 2015"]
[Site "Berlin GER"]
[Date "2015.10.10"]
[Round "4"]
[White "Kramnik, Vladimir"]
[Black "Ganguly, Surya Shekhar"]
[Result "1/2-1/2"]
[WhiteElo "2777"]
[BlackElo "2652"]
[PlyCount "90"]
[EventDate "2015.10.10"]

1. d4 Nf6 2. Nf3 e6 3. e3 d5 4. Bd3 Bd6 5. Nbd2 c5 6. dxc5 Bxc5 7. a3 a5 8. b3
O-O 9. Bb2 Nc6 10. O-O b6 11. c4 Bb7 12. cxd5 exd5 13. Qc2 h6 14. Rad1 Qe7 15.
Qc1 Ne4 16. Rfe1 f5 17. Qa1 Rad8 18. Nf1 f4 19. Bxe4 dxe4 20. exf4 Rxf4 21.
Rxd8+ Qxd8 22. Qc1 Bxf2+ 23. Kxf2 Qh4+ 24. g3 Rxf3+ 25. Kg1 Qh5 26. Qc4+ Qf7
27. Qxf7+ Kxf7 28. Nd2 Rd3 29. Nxe4 Ne7 30. Nc3 Nf5 31. Rd1 Rxd1+ 32. Nxd1 h5
33. Kf2 g6 34. Be5 Bd5 35. b4 axb4 36. axb4 Ke6 37. Bc7 b5 38. Nc3 Bc6 39. h3
Be8 40. Kf3 g5 41. g4 Bc6+ 42. Kf2 hxg4 43. hxg4 Ne7 44. Ne2 Bd7 45. Bd8 Nc6
1/2-1/2

[Event "World Championship (rapid) 2015"]
[Site "Berlin GER"]
[Date "2015.10.10"]
[Round "4"]
[White "Dominguez Perez, Leinier"]
[Black "Malakhov, Vladimir"]
[Result "0-1"]
[WhiteElo "2732"]
[BlackElo "2694"]
[PlyCount "126"]
[EventDate "2015.10.10"]

1. e4 e5 2. Nf3 Nc6 3. Bb5 Nf6 4. O-O Nxe4 5. d4 Nd6 6. Bxc6 dxc6 7. dxe5 Nf5
8. Qxd8+ Kxd8 9. h3 h5 10. Nc3 Ke8 11. Bf4 Be7 12. Rad1 Be6 13. Ng5 Rh6 14.
Rfe1 Bb4 15. Nge4 Rg6 16. Kh2 Bxc3 17. Nxc3 Rd8 18. Rxd8+ Kxd8 19. Ne4 Bd5 20.
b3 Bxe4 21. Rxe4 c5 22. c3 Kd7 23. Bd2 h4 24. Rf4 Ke6 25. Ra4 a6 26. Bf4 Kd5
27. g4 hxg3+ 28. fxg3 Re6 29. Kg2 Ne7 30. Kf3 Ng6 31. Re4 Nxe5+ 32. Bxe5 Rxe5
33. c4+ Ke6 34. Kf4 Rxe4+ 35. Kxe4 f5+ 36. Kf4 Kf6 37. h4 b6 38. a3 b5 39. a4
bxa4 40. bxa4 a5 41. g4 fxg4 42. Kxg4 Ke5 43. Kg5 Kd4 44. Kg6 Kxc4 45. Kxg7 Kb4
46. h5 c4 47. h6 c3 48. h7 c2 49. h8=Q c1=Q 50. Qe8 c6 51. Qe4+ Qc4 52. Qb1+
Kxa4 53. Kf6 Qc3+ 54. Kf5 c5 55. Qa2+ Kb4 56. Qb1+ Ka3 57. Kg6 a4 58. Kf5 c4
59. Ke6 Qb2 60. Qg1 c3 61. Qc5+ Qb4 62. Qe3 Qb3+ 63. Kd6 c2 0-1

[Event "World Championship (rapid) 2015"]
[Site "Berlin GER"]
[Date "2015.10.10"]
[Round "4"]
[White "Seirawan, Yasser"]
[Black "Bacrot, Etienne"]
[Result "0-1"]
[WhiteElo "2620"]
[BlackElo "2697"]
[PlyCount "51"]
[EventDate "2015.10.10"]

1. d4 Nf6 2. c4 e6 3. Nc3 d5 4. Bg5 Be7 5. e3 h6 6. Bh4 b6 7. Nf3 O-O 8. Rc1
Bb7 9. cxd5 exd5 10. Bd3 Nbd7 11. O-O c5 12. Qe2 Ne4 13. Bxe7 Qxe7 14. Ba6 Ndf6
15. Bxb7 Qxb7 16. dxc5 bxc5 17. Nxe4 Nxe4 18. Rc2 Rfe8 19. Qd3 Rad8 20. h3 Qb6
21. Nd2 c4 22. Qe2 d4 23. Nxc4 d3 24. Qf3 Ng5 25. Qf5 g6 26. Nxb6 0-1

[Event "World Championship (rapid) 2015"]
[Site "Berlin GER"]
[Date "2015.10.10"]
[Round "4"]
[White "Ponkratov, Pavel"]
[Black "Morozevich, Alexander"]
[Result "1/2-1/2"]
[WhiteElo "2604"]
[BlackElo "2711"]
[PlyCount "111"]
[EventDate "2015.10.10"]

1. d4 Nf6 2. c4 e6 3. g3 c5 4. d5 exd5 5. cxd5 g6 6. Qd3 d6 7. Nc3 Na6 8. Bg5
Bg7 9. Qe3+ Kf8 10. Qc1 h6 11. Bf4 Nb4 12. Bg2 Bf5 13. Kf1 Qe7 14. a3 Nc2 15.
Ra2 Nd4 16. f3 g5 17. Bd2 g4 18. fxg4 Bxg4 19. Bf4 Nh5 20. Nf3 Re8 21. Nxd4
cxd4 22. Ne4 Nxf4 23. Qxf4 f5 24. h3 Be5 25. Qf2 Kg7 26. hxg4 fxe4 27. Bxe4
Bxg3 28. Qxd4+ Be5 29. Qd3 Qg5 30. b4 Rhf8+ 31. Bf3 Rf4 32. Rc2 Re7 33. Rh5
Qxg4 34. Rh1 Bd4 35. Qxd4+ Rxd4 36. Bxg4 Rxg4 37. Rc3 Rg5 38. Rd3 Ree5 39. Rc3
Re7 40. Rd3 Kg6 41. Rh2 h5 42. Kf2 Ree5 43. Rc3 Rxd5 44. Rc7 Rdf5+ 45. Ke1 Rf7
46. Rc8 Kg7 47. Rd8 d5 48. Kd2 Kf6 49. Rh8 Kg6 50. Rg8+ Rg7 51. Rd8 Rh7 52.
Rd6+ Kf7 53. Rd7+ Kg8 54. Rd8+ Kg7 55. Rd7+ Kg6 56. Rd6+ 1/2-1/2

[Event "World Championship (rapid) 2015"]
[Site "Berlin GER"]
[Date "2015.10.10"]
[Round "4"]
[White "Bologan, Viktor"]
[Black "Eljanov, Pavel"]
[Result "0-1"]
[WhiteElo "2607"]
[BlackElo "2717"]
[PlyCount "72"]
[EventDate "2015.10.10"]

1. e4 c6 2. d4 d5 3. e5 Bf5 4. Nf3 e6 5. Be2 Ne7 6. O-O h6 7. Nbd2 Nd7 8. Nb3
g5 9. Ne1 Qc7 10. f4 c5 11. c3 c4 12. Nd2 gxf4 13. Rxf4 O-O-O 14. b3 f6 15.
bxc4 fxe5 16. Rf1 Bg7 17. Ba3 Nb6 18. Bxe7 Qxe7 19. c5 Nd7 20. Qa4 Nb8 21. Nd3
Qg5 22. c6 Nxc6 23. Nc5 Qe3+ 24. Rf2 Rhf8 25. Ba6 Qxf2+ 26. Kh1 Kb8 27. Bxb7
Bd3 28. Bxc6 Qxd2 29. Qb4+ Kc7 30. Qb7+ Kd6 31. Ba4 Rf1+ 32. Rxf1 Bxf1 33.
dxe5+ Bxe5 34. Ne4+ dxe4 35. Qb4+ Kc7 36. Qc5+ Kb8 0-1

[Event "World Championship (rapid) 2015"]
[Site "Berlin GER"]
[Date "2015.10.10"]
[Round "4"]
[White "Belov, Vladimir"]
[Black "Wojtaszek, Radoslaw"]
[Result "0-1"]
[WhiteElo "2614"]
[BlackElo "2734"]
[PlyCount "134"]
[EventDate "2015.10.10"]

1. d4 Nf6 2. c4 e6 3. Nf3 d5 4. Nc3 Bb4 5. e3 O-O 6. Bd3 c5 7. O-O cxd4 8. exd4
dxc4 9. Bxc4 b6 10. Bg5 Bb7 11. Rc1 Nc6 12. Re1 Be7 13. a3 h6 14. Bf4 Rc8 15.
Ba2 Bd6 16. Be5 Bb8 17. Bxb8 Nxb8 18. Ne5 Re8 19. Qd3 Nc6 20. Rcd1 Nxe5 21.
dxe5 Qxd3 22. Rxd3 Ne4 23. Nxe4 Bxe4 24. Rd7 Red8 25. Rxd8+ Rxd8 26. Bb3 Bf5
27. Rd1 Rc8 28. f4 g5 29. g3 Rc5 30. Rd2 Kg7 31. Kf2 Kg6 32. Ke3 f6 33. exf6
Kxf6 34. fxg5+ hxg5 35. h4 Re5+ 36. Kf3 gxh4 37. gxh4 Re4 38. Rh2 Rd4 39. Bc2
Bxc2 40. Rxc2 Rxh4 41. Rc7 Ra4 42. Ke3 Ke5 43. Rh7 Kd5 44. Kd3 a6 45. Rd7+ Kc6
46. Re7 Kd6 47. Rb7 b5 48. Rb8 Rc4 49. Ra8 Rc6 50. Kd4 Kc7 51. b3 Kb7 52. Re8
Rd6+ 53. Kc5 Rd5+ 54. Kb4 Rd6 55. Ka5 Kc6 56. Rh8 Kd5 57. Rh1 e5 58. Rd1+ Ke6
59. Re1 Rd3 60. Rb1 Rd6 61. Re1 Kf5 62. Rf1+ Kg4 63. Re1 Kf4 64. Rf1+ Kg3 65.
Re1 Re6 66. a4 bxa4 67. bxa4 e4 0-1

[Event "World Championship (rapid) 2015"]
[Site "Berlin GER"]
[Date "2015.10.10"]
[Round "4"]
[White "Maze, Sebastien"]
[Black "Grischuk, Alexander"]
[Result "1/2-1/2"]
[WhiteElo "2582"]
[BlackElo "2774"]
[PlyCount "155"]
[EventDate "2015.10.10"]

1. e4 c5 2. Nf3 d6 3. Bb5+ Nd7 4. c3 Ngf6 5. Qe2 a6 6. Ba4 b5 7. Bc2 Bb7 8. a4
e6 9. d4 Be7 10. e5 dxe5 11. dxe5 Nd5 12. axb5 axb5 13. Rxa8 Qxa8 14. Qxb5 N5b6
15. Qe2 Ba6 16. Bd3 Bxd3 17. Qxd3 c4 18. Qc2 O-O 19. O-O h6 20. Be3 Nd5 21. Bd4
Rb8 22. Nbd2 Qa2 23. Qb1 Rxb2 24. Qxa2 Rxa2 25. Nxc4 f5 26. Ne3 Nf4 27. g3 Ne2+
28. Kg2 Nc5 29. Ng1 Ne4 30. Nxe2 Rxe2 31. Kg1 Bc5 32. h4 g5 33. hxg5 hxg5 34.
Kg2 g4 35. Nc4 Kf7 36. Nd6+ Bxd6 37. exd6 Nxd6 38. Rb1 e5 39. Kf1 Re4 40. Bc5
Nc4 41. Rd1 Ke6 42. Bb4 f4 43. gxf4 exf4 44. Bc5 Re5 45. Bd4 Ra5 46. Kg2 Kf5
47. Re1 Nd2 48. Re8 Nf3 49. Rf8+ Ke4 50. Re8+ Kd3 51. Rg8 Nh4+ 52. Kh2 Nf3+ 53.
Kg2 Rg5 54. Rxg5 Nxg5 55. Be5 f3+ 56. Kg3 Ne4+ 57. Kxg4 Ke2 58. Bd4 Nxf2+ 59.
Kf4 Nd3+ 60. Ke4 Nb2 61. Kf4 Nc4 62. Kg3 Nd6 63. Bg1 Ne4+ 64. Kf4 Nxc3 65. Ba7
Nb5 66. Bg1 Nc7 67. Ba7 Ne6+ 68. Ke4 Ng5+ 69. Kf5 Nh3 70. Ke4 Nf2+ 71. Kf4 Nd1
72. Ke4 Nb2 73. Kf4 Nc4 74. Bc5 Nd2 75. Ba7 Kf1 76. Ke3 Ke1 77. Kf4 Ke2 78. Bb6
1/2-1/2

[Event "World Championship (rapid) 2015"]
[Site "Berlin GER"]
[Date "2015.10.10"]
[Round "4"]
[White "Khismatullin, Denis"]
[Black "Rublevsky, Sergei"]
[Result "1-0"]
[WhiteElo "2651"]
[BlackElo "2702"]
[PlyCount "131"]
[EventDate "2015.10.10"]

1. Nf3 d5 2. e3 Nf6 3. c4 c6 4. Nc3 e6 5. b3 Bd6 6. Bb2 O-O 7. Qc2 e5 8. cxd5
cxd5 9. Nb5 Nc6 10. Nxd6 Qxd6 11. d4 Nb4 12. Qd1 Qc7 13. dxe5 Ne4 14. Bd3 Bf5
15. O-O Nxd3 16. Qxd3 Ng3 17. Qd2 Nxf1 18. Rxf1 Qc2 19. Qxc2 Bxc2 20. Nd4 Rfc8
21. f3 a5 22. Rf2 Bb1 23. a4 Ra6 24. Rd2 h5 25. Kf2 h4 26. Ba3 Re8 27. Bd6 f6
28. f4 fxe5 29. Bxe5 Be4 30. Nf3 Rb6 31. Rb2 Rc8 32. Nd2 Rc2 33. Rxc2 Bxc2 34.
Bc7 Ra6 35. Bd8 h3 36. gxh3 Kf7 37. Bc7 Rh6 38. Bxa5 Rxh3 39. Nf3 Ke8 40. Kg2
Rh6 41. Nd2 Rc6 42. Kg3 Bd1 43. Bb4 Bxb3 44. a5 Bd1 45. h3 Rc2 46. Nf3 Bxf3 47.
Kxf3 Kf7 48. Bd6 Ke6 49. Be5 g6 50. Bd4 Kf5 51. Bb6 Ra2 52. Bc7 Rh2 53. Kg3 Rc2
54. Bb6 Rc3 55. Kf3 Ra3 56. Kf2 Ke4 57. h4 Kf5 58. Ke2 Kg4 59. Bd8 d4 60. exd4
Kxf4 61. Bb6 Ke4 62. Kf2 Rh3 63. Bd8 Kxd4 64. Kg2 Ra3 65. Bc7 Ke4 66. Kf2 1-0

[Event "World Championship (rapid) 2015"]
[Site "Berlin GER"]
[Date "2015.10.10"]
[Round "4"]
[White "Svidler, Peter"]
[Black "Sasikiran, Krishnan"]
[Result "1-0"]
[WhiteElo "2727"]
[BlackElo "2639"]
[PlyCount "113"]
[EventDate "2015.10.10"]

1. e4 c5 2. Nf3 d6 3. d4 cxd4 4. Nxd4 Nf6 5. Nc3 a6 6. h3 e5 7. Nde2 h5 8. Ng1
b5 9. Nf3 Bb7 10. Ng5 Be7 11. Qf3 Nbd7 12. a4 b4 13. Nd5 O-O 14. Nxe7+ Qxe7 15.
Bd3 Nc5 16. O-O d5 17. exd5 Bxd5 18. Qg3 Nxd3 19. cxd3 Nd7 20. Qh4 f6 21. Ne4
Qf7 22. f3 Bxe4 23. dxe4 Nc5 24. Qf2 Nd3 25. Qe2 Rfd8 26. Be3 Qb3 27. Rad1 a5
28. Rd2 Nf4 29. Bxf4 exf4 30. Rfd1 Rxd2 31. Rxd2 Rc8 32. Kh2 Qxa4 33. Qa6 Qe8
34. Qxa5 Kh7 35. Qf5+ Kg8 36. Qxf4 b3 37. Rd3 Qe6 38. Qf5 Qxf5 39. exf5 Rc5 40.
Rxb3 Rxf5 41. h4 Rf4 42. Kg3 Rc4 43. Rb5 Rc2 44. f4 Kf7 45. f5 Rc4 46. Kh3 Rd4
47. g3 Rd2 48. b4 Rb2 49. Rb7+ Kg8 50. b5 Kh7 51. b6 Kg8 52. Rb8+ Kh7 53. b7 g6
54. fxg6+ Kg7 55. g4 Rb3+ 56. Kg2 hxg4 57. h5 1-0

[Event "World Championship (rapid) 2015"]
[Site "Berlin GER"]
[Date "2015.10.10"]
[Round "4"]
[White "Andreikin, Dmitry"]
[Black "Hansen, Eric"]
[Result "1-0"]
[WhiteElo "2720"]
[BlackElo "2573"]
[PlyCount "88"]
[EventDate "2015.10.10"]

1. e4 e6 2. d4 d5 3. Nc3 Bb4 4. exd5 exd5 5. Bd3 Nc6 6. a3 Bxc3+ 7. bxc3 Nge7
8. Qh5 Be6 9. Nf3 Qd7 10. Ng5 O-O-O 11. Nxe6 fxe6 12. O-O Rdf8 13. a4 Nf5 14.
Ba3 Re8 15. Rfe1 g6 16. Qg5 e5 17. dxe5 Nxe5 18. Bf1 a6 19. Qf4 Nf7 20. Bd3
N7d6 21. h4 Rxe1+ 22. Rxe1 Re8 23. Rxe8+ Qxe8 24. h5 Kb8 25. g4 Qe1+ 26. Bf1
Nh4 27. Bxd6 cxd6 28. Qxd6+ Ka7 29. Qc5+ Ka8 30. Qxd5 g5 31. h6 Ka7 32. c4 Qc1
33. Qd3 Ka8 34. c5 Qf4 35. Be2 Qxa4 36. Qd8+ Ka7 37. Qb6+ Kb8 38. c6 Qa1+ 39.
Kh2 Qe5+ 40. Kh3 Qc7 41. Qxc7+ Kxc7 42. f4 Ng6 43. fxg5 a5 44. Bd3 Nf8 1-0

[Event "World Championship (rapid) 2015"]
[Site "Berlin GER"]
[Date "2015.10.10"]
[Round "4"]
[White "Ponomariov, Ruslan"]
[Black "Guliyev, Namig"]
[Result "1-0"]
[WhiteElo "2710"]
[BlackElo "2579"]
[PlyCount "53"]
[EventDate "2015.10.10"]

1. d4 d5 2. c4 c6 3. Nf3 Nf6 4. Nc3 dxc4 5. a4 e6 6. e3 c5 7. Bxc4 Nc6 8. O-O
Be7 9. Qe2 O-O 10. Rd1 Qc7 11. d5 exd5 12. Bxd5 Bg4 13. h3 Bxf3 14. Qxf3 Nxd5
15. Nxd5 Qe5 16. Bd2 Rad8 17. Bc3 Qe6 18. a5 f6 19. Nf4 Qc8 20. Qe4 Rxd1+ 21.
Rxd1 Kh8 22. Ne6 Re8 23. Qg4 Rg8 24. Rd5 b6 25. Rh5 Qe8 26. Qf5 h6 27. Nf4 1-0

[Event "World Championship (rapid) 2015"]
[Site "Berlin GER"]
[Date "2015.10.10"]
[Round "5"]
[White "Meier, Georg"]
[Black "Karjakin, Sergey"]
[Result "0-1"]
[WhiteElo "2654"]
[BlackElo "2762"]
[PlyCount "96"]
[EventDate "2015.10.10"]

1. Nf3 c5 2. c4 Nf6 3. Nc3 Nc6 4. g3 d5 5. cxd5 Nxd5 6. Bg2 Nc7 7. d3 e5 8. Nd2
Be7 9. Nc4 f6 10. O-O O-O 11. a4 Be6 12. a5 Qd7 13. Be3 Rfd8 14. Qa4 Rac8 15.
Rfc1 Na6 16. h4 Nab4 17. Ne4 Nd4 18. Qxd7 Rxd7 19. Bxd4 cxd4 20. Na3 Rdc7 21.
Rxc7 Rxc7 22. Nd2 a6 23. Ndc4 Bd5 24. Bh3 Rc5 25. Bg2 Kf7 26. Bxd5+ Rxd5 27.
Nb1 Nc6 28. Nbd2 Bd8 29. Nb6 Rxa5 30. Rxa5 Nxa5 31. Nbc4 Ke6 32. h5 b5 33. Na3
Be7 34. Nc2 Nc6 35. g4 a5 36. Kg2 a4 37. Kf3 Na5 38. Ke4 g6 39. hxg6 hxg6 40.
f4 f5+ 41. gxf5+ gxf5+ 42. Kf3 b4 43. fxe5 Kxe5 44. e3 dxe3 45. d4+ Ke6 46.
Nxe3 Bg5 47. Ndf1 b3 48. Nd1 Nc4 0-1

[Event "World Championship (rapid) 2015"]
[Site "Berlin GER"]
[Date "2015.10.10"]
[Round "5"]
[White "Kasimdzhanov, Rustam"]
[Black "Mamedyarov, Shakhriyar"]
[Result "1/2-1/2"]
[WhiteElo "2704"]
[BlackElo "2736"]
[PlyCount "31"]
[EventDate "2015.10.10"]

1. d4 Nf6 2. c4 b6 3. Nc3 Bb7 4. Nf3 d5 5. e3 e6 6. Bd3 dxc4 7. Bxc4 a6 8. Qe2
b5 9. Bd3 c5 10. dxc5 Bxc5 11. Bxb5+ Nbd7 12. Ba4 O-O 13. O-O Qc7 14. h3 Ne5
15. e4 Nxf3+ 16. Qxf3 1/2-1/2